[Event "GER-chT U16"]
[Site "Berlin"]
[Date "2005.12.29"]
[Round "5.3"]
[White "Krause, Fabian"]
[Black "Krmpotic, Manuel"]
[Result "0-1"]
[WhiteElo "1497"]
[BlackElo "1476"]
[PlyCount "99"]
[EventDate "2005.12.27"]
[EventType "team-swiss"]
[EventRounds "7"]
[EventCountry "GER"]
[SourceTitle "EXT 2022"]
[Source "ChessBase"]
[SourceDate "2021.10.06"]
[SourceVersion "1"]
[SourceVersionDate "2021.10.06"]
[SourceQuality "1"]
[WhiteTeam "Porz SG U16"]
[BlackTeam "Hoerden U16"]
[WhiteTeamCountry "GER"]
[BlackTeamCountry "GER"]

1. d4 e6 2. Nf3 Nf6 3. Bg5 d5 4. e3 Nbd7 5. c4 c6 6. Nc3 Bb4 7. Qc2 Qa5 8. a3 Ne4 9. Rc1 Bxc3+ 10. bxc3 Nxg5 11. Nxg5 h6 12. Nf3 Qxa3 13. cxd5 cxd5 14. Bd3 0-0 15. 0-0 b6 16. Ra1 Qd6 17. c4 dxc4 18. Qxc4 Bb7 19. Nd2 Bd5 20. Qb5 Rfc8 21. Ne4 Qc6 22. Qxc6 Rxc6 23. Ng3 Rc7 24. e4 Bb7 25. Rfc1 Rxc1+ 26. Rxc1 Rc8 27. Rxc8+ Bxc8 28. Bb5 Nf6 29. e5 Nd5 30. Ne4 a6 31. Bc6 Nb4 32. Be8 Kf8 33. Nd6 b5 34. Bxf7 Ke7 35. Bg6 Bd7 36. Be4 Bc6 37. Bg6 a5 38. Kf1 Nd5 39. Be4 Nb4 40. Bxc6 Nxc6 41. Nxb5 Kd7 42. Ke2 Nb4 43. Kd2 Kc6 44. Na3 Kd5 45. Ke3 Nc6 46. Nc2 Kc4 47. Na3+ Kb3 48. Nb5 a4 49. Ke4 Kb4 50. d5 0-1